000 00846nam a2200253Ia 4500
003 OSt
005 20221005112821.0
006 a|||||r|||| 00| 0
007 ta
008 221004b |||||||| |||| 00| 0 pan d
020 _a8182990688 (hbk)
_c120
024 _a94676
037 _b72872, 31/12/2008, Arsee Publishers
_cTextual
040 _aCRL
_cCRL
_bpan
041 _2pan
_apan
082 _aO153,lx, P5
100 _aਅਰੀ, ਗੁਰਚਰਨ ਸਿੰਘ, ਥਦ।
245 0 _aਕਾਵਿ ਲੋਕ
260 _aਦਿੱਲੀ
_bਆਰਸੀ ਭਾਰਤ
_c2005
300 _a112ਪੰ
_ccm.
650 _aਪੰਜਾਬੀ ਸਾਹਿਤ
942 _hO153,lx, P5
_cTEXL
_2cc
999 _c1026078
_d1026078